000 00717nam a2200229 a 4500
999 _c10552
_d10552
001 10552
003 BD-JhCC
005 20190903134018.0
008 180710b2017 bg |||| |||| 000 0 ben d
020 _a9789844322974
035 _a(BD-JhCC)10552
040 _aBD-JhCC
_dBD-JhCC
041 _aben
082 _a891.443
_bMAM 2017
100 _aমামুন, মোস্তফা
245 _aনরম টিটু গরম লিটু /
_cমোস্তফা মামুন
260 _aঢাকা :
_bঅনন্যা,
_c২০১৭.
300 _a১০২ পৃ. :
_c২০ সেমি.
650 _aBengali Novel
650 _aবাংলা উপন্যাস
942 _2ddc
_cBK
_04